Le Malawi pour les touristes... - Statistiques

Statistiques générales
  • Ce quiz a été pris 2 fois
  • Le résultat moyen est 13 sur 20
Statistiques - réponses
Question Indice Réponses % Correct
Dans la capitale quel est le décalage horaire avec Paris ? (+ ou - et chiffre) ex - 10 0
100%
Quelles sont les langues officielles ? Anglais
100%
Quelles sont les langues officielles ? Chewa
100%
La religion majoritaire est Christianisme
100%
Quelle est la monnaie ? Kwacha malawien
100%
Code sur les plaques minéralogiques MW
100%
Le suffixe internet est mw
100%
Ce pays est plus grand que la France (oui/non) Non
100%
Quelles sont les principaux lieux touristiques ? M Parc national du lac {Malawi}
100%
Quel pays a accordé son indépendance à celui-ci ? Royaume-Uni
100%
Quelles sont les principaux lieux touristiques ? L Ile de {Likoma}
50%
Le principal aéroport est N Lilongwe
50%
Quel est le régime du pays ? République
50%
Quels est le climat local ? S Subtropical
50%
Achats à faire 3/ Barque creusée dans un Tronc
50%
Achats à faire 4/ Meubles en Ebène
0%
Achats à faire 2/ Ballon de footballe en caoutchouc de Latex
0%
Achats à faire 1/ Chaise en canne de Rotin
0%
Achats à faire 5/ Meubles en bois de Santal
0%
Quelles sont les principaux lieux touristiques ? C Site rupestre de {Chongoni}
0%
Aucun quiz correspondant
Distribution des résultats
% des personnes avec chaque résultat
Percentile par nombre de réponses
Votre historique - résultats
Vous n’avez pas pris ce quiz